[Event "Skilling Open CCT 2021"]
[Site "Online"]
[Date "2020.11.19"]
[Round "9.3"]
[White "Svidler, Peter"]
[Black "Nakamura, Hikaru"]
[Result "1/2-1/2"]
[WhiteElo "2742"]
[BlackElo "2829"]
[Annotator "ChessBase"]
[PlyCount "145"]
[EventDate "2020.11.20"]
[EventType "tourn"]
[EventCountry "NET"]
[Tiebreak "Koya+Number of black wins+Number of wins"]
[SourceTitle "playchess.com"]
[Source "ChessBase"]
[SourceQuality "1"]
[TimeControl "900+10"]

1. e4 {[%emt 0:00:00]} e5 {[%emt 0:00:00]} 2. Nf3 {[%emt 0:00:00]} Nc6 {
[%emt 0:00:00]} 3. Bc4 {[%emt 0:00:00]} Bc5 {[%emt 0:00:00]} 4. c3 {[%emt 0:00:
00]} Nf6 {[%emt 0:00:00]} 5. d3 {[%emt 0:00:00]} d6 {[%emt 0:00:00]} 6. O-O {
[%emt 0:00:00]} h6 {[%emt 0:00:00]} 7. Re1 {[%emt 0:00:03]} O-O {[%emt 0:00:00]
} 8. h3 {[%emt 0:00:27]} a5 {[%emt 0:00:01]} 9. Nbd2 {[%emt 0:00:15]} Bb6 {
[%emt 0:00:03]} 10. b3 {[%emt 0:01:28]} Ne7 {[%emt 0:05:35]} 11. d4 {[%emt 0:
00:05]} Ng6 {[%emt 0:00:02]} 12. Bf1 {[%emt 0:00:19]} c6 {[%emt 0:00:07]} 13.
Nc4 {[%emt 0:01:55]} Bc7 {[%emt 0:00:18]} 14. Ba3 {[%emt 0:01:11]} Re8 {
[%emt 0:02:09]} 15. dxe5 {[%emt 0:00:02]} dxe5 {[%emt 0:00:11]} 16. Nd6 {
[%emt 0:00:18]} Bxd6 {[%emt 0:00:10]} 17. Qxd6 {[%emt 0:01:04]} Be6 {[%emt 0:
00:27]} 18. Nxe5 {[%emt 0:01:25]} Nxe5 {[%emt 0:00:03]} 19. Qxe5 {[%emt 0:00:
01]} Bc4 {[%emt 0:00:00]} 20. Qxe8+ {[%emt 0:02:20]} Qxe8 {[%emt 0:00:00]} 21.
Bxc4 {[%emt 0:00:02]} a4 {[%emt 0:01:14]} 22. Bd6 {[%emt 0:01:05]} b5 {[%emt 0:
00:29]} 23. Bd3 {[%emt 0:00:05]} Qe6 {[%emt 0:00:56]} 24. e5 {[%emt 0:00:05]}
Nd5 {[%emt 0:00:02]} 25. c4 {[%emt 0:00:13]} Nf4 {[%emt 0:00:05]} 26. Bf1 {
[%emt 0:00:05]} g5 {[%emt 0:00:58]} 27. cxb5 {[%emt 0:01:17]} cxb5 {[%emt 0:00:
03]} 28. Rad1 {[%emt 0:00:02]} axb3 {[%emt 0:00:15]} 29. axb3 {[%emt 0:00:01]}
Qxb3 {[%emt 0:01:35]} 30. Rb1 {[%emt 0:01:08]} Qc2 {[%emt 0:00:10]} 31. Rxb5 {
[%emt 0:00:52]} Ne6 {[%emt 0:01:07]} 32. Rb8+ {[%emt 0:01:09]} Rxb8 {[%emt 0:
00:02]} 33. Bxb8 {[%emt 0:00:00]} Qd2 {[%emt 0:00:21]} 34. Rb1 {[%emt 0:00:03]}
Qc2 {[%emt 0:00:05]} 35. Re1 {[%emt 0:00:02]} h5 {[%emt 0:00:48]} 36. Ba7 {
[%emt 0:00:09]} Qc3 {[%emt 0:00:10]} 37. Re4 {[%emt 0:00:20]} Qa1 {[%emt 0:00:
10]} 38. Be3 {[%emt 0:00:19]} h4 {[%emt 0:00:09]} 39. Bxg5 {[%emt 0:01:53]}
Nxg5 {[%emt 0:00:03]} 40. Rg4 {[%emt 0:00:01]} Qxe5 {[%emt 0:00:05]} 41. f4 {
[%emt 0:00:01]} Qe3+ {[%emt 0:00:33]} 42. Kh2 {[%emt 0:00:02]} f6 {[%emt 0:00:
05]} 43. fxg5 {[%emt 0:00:22]} f5 {[%emt 0:00:00]} 44. Rxh4 {[%emt 0:01:04]}
Qf2 {[%emt 0:00:07]} 45. Rc4 {[%emt 0:00:02]} Qxf1 {[%emt 0:00:06]} 46. Rc3 {
[%emt 0:00:03]} Qf4+ {[%emt 0:00:32]} 47. Kh1 {[%emt 0:00:01]} Kg7 {[%emt 0:00:
55]} 48. Rf3 {[%emt 0:00:02]} Qc1+ {[%emt 0:00:01]} 49. Kh2 {[%emt 0:00:01]}
Kg6 {[%emt 0:00:00]} 50. Rb3 {[%emt 0:00:14]} Qd1 {[%emt 0:00:03]} 51. Rf3 {
[%emt 0:00:01]} Qd4 {[%emt 0:00:04]} 52. Kh1 {[%emt 0:00:05]} Qa1+ {[%emt 0:00:
04]} 53. Kh2 {[%emt 0:00:01]} Qd1 {[%emt 0:00:00]} 54. Rf2 {[%emt 0:00:15]}
Qd6+ {[%emt 0:00:16]} 55. Kh1 {[%emt 0:00:01]} Qc7 {[%emt 0:00:04]} 56. Rf3 {
[%emt 0:00:02]} Qe5 {[%emt 0:00:00]} 57. Kg1 {[%emt 0:00:02]} Kxg5 {[%emt 0:00:
07]} 58. Kh1 {[%emt 0:00:01]} Kf6 {[%emt 0:00:05]} 59. Kg1 {[%emt 0:00:02]} Ke6
{[%emt 0:00:04]} 60. Kh1 {[%emt 0:00:02]} Kd5 {[%emt 0:00:00]} 61. Kg1 {
[%emt 0:00:02]} Ke4 {[%emt 0:00:01]} 62. Kh1 {[%emt 0:00:02]} Qa1+ {[%emt 0:00:
02]} 63. Kh2 {[%emt 0:00:01]} Qd1 {[%emt 0:00:00]} 64. Rc3 {[%emt 0:00:16]}
Qd6+ {[%emt 0:00:06]} 65. Kh1 {[%emt 0:00:01]} f4 {[%emt 0:00:06]} 66. Rf3 {
[%emt 0:00:09]} Qd1+ {[%emt 0:00:14]} 67. Kh2 {[%emt 0:00:02]} Qxf3 {[%emt 0:
00:00]} 68. gxf3+ {[%emt 0:00:01]} Kxf3 {[%emt 0:00:00]} 69. h4 {[%emt 0:00:01]
} Kg4 {[%emt 0:00:01]} 70. Kg2 {[%emt 0:00:02]} Kxh4 {[%emt 0:00:01]} 71. Kf3 {
[%emt 0:00:01]} Kg5 {[%emt 0:00:00]} 72. Kf2 {[%emt 0:00:00]} f3 {[%emt 0:00:
00]} 73. Kxf3 {[%emt 0:00:01]} 1/2-1/2

[Event "Skilling Open CCT 2021"]
[Site "Online"]
[Date "2020.11.19"]
[Round "9.5"]
[White "Carlsen, Magnus"]
[Black "Giri, Anish"]
[Result "1/2-1/2"]
[WhiteElo "2881"]
[BlackElo "2731"]
[Annotator "ChessBase"]
[PlyCount "78"]
[EventDate "2020.11.20"]
[EventType "tourn"]
[EventCountry "NET"]
[Tiebreak "Koya+Number of black wins+Number of wins"]
[SourceTitle "playchess.com"]
[Source "ChessBase"]
[SourceQuality "1"]
[TimeControl "900+10"]

1. e4 {[%emt 0:00:00]} c5 {[%emt 0:00:00]} 2. Nf3 {[%emt 0:00:00]} d6 {[%emt 0:
00:00]} 3. d4 {[%emt 0:00:05]} cxd4 {[%emt 0:00:00]} 4. Qxd4 {[%emt 0:00:02]}
Nf6 {[%emt 0:00:06]} 5. h3 {[%emt 0:00:34]} Nc6 {[%emt 0:00:03]} 6. Qe3 {
[%emt 0:00:01]} g6 {[%emt 0:00:07]} 7. Be2 {[%emt 0:00:02]} Bg7 {[%emt 0:00:07]
} 8. O-O {[%emt 0:00:01]} O-O {[%emt 0:00:01]} 9. Rd1 {[%emt 0:00:05]} Be6 {
[%emt 0:00:38]} 10. Nc3 {[%emt 0:00:40]} Qc8 {[%emt 0:00:53]} 11. a3 {[%emt 0:
00:40]} Na5 {[%emt 0:01:53]} 12. Nd4 {[%emt 0:00:14]} Nc4 {[%emt 0:03:14]} 13.
Qg3 {[%emt 0:01:06]} Bd7 {[%emt 0:01:11]} 14. b3 {[%emt 0:05:04]} Na5 {[%emt 0:
00:07]} 15. Nd5 {[%emt 0:01:22]} Re8 {[%emt 0:00:10]} 16. Nxf6+ {[%emt 0:00:33]
} Bxf6 {[%emt 0:00:04]} 17. c4 {[%emt 0:00:05]} Nc6 {[%emt 0:01:06]} 18. Bb2 {
[%emt 0:00:10]} a6 {[%emt 0:00:40]} 19. Qe3 {[%emt 0:00:20]} b5 {[%emt 0:01:11]
} 20. Rac1 {[%emt 0:01:01]} Qb7 {[%emt 0:00:38]} 21. c5 {[%emt 0:01:43]} dxc5 {
[%emt 0:00:24]} 22. Rxc5 {[%emt 0:00:02]} Nxd4 {[%emt 0:00:09]} 23. Bxd4 {
[%emt 0:00:20]} Bxd4 {[%emt 0:00:10]} 24. Rxd4 {[%emt 0:00:00]} Rac8 {[%emt 0:
01:46]} 25. b4 {[%emt 0:00:06]} Rxc5 {[%emt 0:00:15]} 26. bxc5 {[%emt 0:00:00]}
Bc6 {[%emt 0:00:14]} 27. e5 {[%emt 0:00:19]} e6 {[%emt 0:01:43]} 28. Bf3 {
[%emt 0:04:34]} Bxf3 {[%emt 0:00:15]} 29. gxf3 {[%emt 0:00:00]} a5 {[%emt 0:00:
40]} 30. Rd6 {[%emt 0:00:02]} Rc8 {[%emt 0:00:09]} 31. Rb6 {[%emt 0:00:15]} Qd7
{[%emt 0:00:02]} 32. Kg2 {[%emt 0:00:03]} b4 {[%emt 0:00:46]} 33. axb4 {
[%emt 0:00:02]} axb4 {[%emt 0:00:00]} 34. Rxb4 {[%emt 0:00:00]} Qd5 {[%emt 0:
00:01]} 35. Rh4 {[%emt 0:00:41]} Rxc5 {[%emt 0:00:10]} 36. Qh6 {[%emt 0:00:05]}
Qxe5 {[%emt 0:00:00]} 37. Qxh7+ {[%emt 0:00:00]} Kf8 {[%emt 0:00:01]} 38. Qh8+
{[%emt 0:00:01]} Qxh8 {[%emt 0:00:01]} 39. Rxh8+ {[%emt 0:00:05]} Kg7 {[%emt 0:
00:01]} 1/2-1/2

[Event "Skilling Open CCT 2021"]
[Site "Online"]
[Date "2020.11.19"]
[Round "9.6"]
[White "Radjabov, Teimour"]
[Black "Ding, Liren"]
[Result "0-1"]
[WhiteElo "2758"]
[BlackElo "2836"]
[Annotator "RC"]
[PlyCount "92"]
[EventDate "2020.11.20"]
[EventType "tourn"]
[EventCountry "NET"]
[Tiebreak "Koya+Number of black wins+Number of wins"]
[SourceTitle "playchess.com"]
[Source "ChessBase"]
[SourceQuality "1"]
[TimeControl "900+10"]

1. e4 {[%emt 0:00:00]} c5 {[%emt 0:00:00]} 2. Nf3 {[%emt 0:00:00]} d6 {[%emt 0:
00:00]} 3. d4 {[%emt 0:00:00]} cxd4 {[%emt 0:00:00]} 4. Nxd4 {[%emt 0:00:00]}
Nf6 {[%emt 0:00:00]} 5. Nc3 {[%emt 0:00:00]} a6 {[%emt 0:00:00]} 6. Bg5 {
[%emt 0:00:02]} e6 {[%emt 0:00:00]} 7. f4 {[%emt 0:00:01]} Qb6 {[%emt 0:00:05]}
8. Qd2 {[%emt 0:00:12]} Qxb2 {[%emt 0:00:02]} 9. Rb1 {[%emt 0:00:02]} Qa3 {
[%emt 0:00:01]} 10. e5 {[%emt 0:00:31]} h6 {[%emt 0:00:30]} 11. Bh4 {[%emt 0:
00:18]} dxe5 {[%emt 0:00:03]} 12. fxe5 {[%emt 0:00:02]} Nfd7 {[%emt 0:00:02]}
13. Ne4 {[%emt 0:00:18]} Qxa2 {[%emt 0:00:08]} 14. Rd1 {[%emt 0:00:14]} Qd5 {
[%emt 0:00:04]} 15. Qe3 {[%emt 0:00:15]} Qxe5 {[%emt 0:00:06]} 16. Be2 {
[%emt 0:00:18]} Bc5 {[%emt 0:00:04]} 17. Bg3 {[%emt 0:00:17]} Qd5 {[%emt 0:00:
31]} 18. c4 {[%emt 0:00:20]} Bxd4 {[%emt 0:00:03]} 19. Rxd4 {[%emt 0:00:12]}
Qa5+ {[%emt 0:00:01]} 20. Rd2 {[%emt 0:00:11]} O-O {[%emt 0:00:02]} 21. Bd6 {
[%emt 0:00:10]} f5 {[%emt 0:00:05]} 22. Bxf8 {[%emt 0:00:15]} Nxf8 {[%emt 0:00:
00]} 23. Nd6 {[%emt 0:00:11]} Nbd7 {[%emt 0:00:04]} 24. g4 {[%emt 0:00:51]}
fxg4 {[%emt 0:00:45]} 25. Bxg4 {[%emt 0:00:17]} Qe5 {[%emt 0:01:31]} 26. Ke2 {
[%emt 0:00:25]} b5 {[%emt 0:03:45]} 27. Bf3 {[%emt 0:00:40]} Rb8 {[%emt 0:00:
14]} 28. Qxe5 {[%emt 0:00:14]} Nxe5 {[%emt 0:00:02]} 29. cxb5 {[%emt 0:00:20]}
axb5 {[%emt 0:00:20]} 30. Nxc8 {[%emt 0:00:23]} Rxc8 {[%emt 0:00:05]} 31. Rb1 {
[%emt 0:00:19]} Rc3 {[%emt 0:02:36]} 32. Bg2 {[%emt 0:01:04]} Nfg6 {[%emt 0:00:
59]} 33. Rxb5 {[%emt 0:00:26]} Nf4+ {[%emt 0:00:01]} 34. Kf1 {[%emt 0:00:16]}
Ng4 {[%emt 0:00:52]} 35. Rd8+ {[%emt 0:00:28]} Kf7 {[%emt 0:00:05]} 36. Rb7+ {
[%emt 0:00:15]} Kg6 {[%emt 0:00:12]} 37. Be4+ {[%emt 0:00:25]} Kh5 {[%emt 0:00:
03]} 38. Rb1 {[%emt 0:01:01]} Nxh2+ {[%emt 0:00:39]} 39. Kg1 {[%emt 0:00:12]}
Ng4 {[%emt 0:00:01]} 40. Rd2 {[%emt 0:00:30]} Kh4 {[%emt 0:00:39]} 41. Rf1 {
[%emt 0:00:52]} Kg3 {[%emt 0:00:19]} 42. Kh1 {[%emt 0:00:11]} g5 {[%emt 0:00:
25]} 43. Rg1+ {[%emt 0:00:14]} Kh4 {[%emt 0:00:04]} 44. Re1 {[%emt 0:00:11]} h5
{[%emt 0:00:34]} 45. Kg1 {[%emt 0:00:14]} Kg3 {[%emt 0:00:22]} 46. Rc2 {
[%emt 0:00:32]} Nh3+ {[%emt 0:00:22]} 0-1

[Event "Skilling Open CCT 2021"]
[Site "Online"]
[Date "2020.11.19"]
[Round "9.7"]
[White "Anton Guijarro, David"]
[Black "Duda, Jan-Krzysztof"]
[Result "1-0"]
[WhiteElo "2667"]
[BlackElo "2774"]
[Annotator "ChessBase"]
[PlyCount "83"]
[EventDate "2020.11.20"]
[EventType "tourn"]
[EventCountry "NET"]
[Tiebreak "Koya+Number of black wins+Number of wins"]
[SourceTitle "playchess.com"]
[Source "ChessBase"]
[SourceQuality "1"]
[TimeControl "900+10"]

1. d4 {[%emt 0:00:00]} Nf6 {[%emt 0:00:00]} 2. c4 {[%emt 0:00:00]} e6 {[%emt 0:
00:00]} 3. Nc3 {[%emt 0:00:00]} d5 {[%emt 0:00:04]} 4. cxd5 {[%emt 0:00:00]}
Nxd5 {[%emt 0:00:02]} 5. e4 {[%emt 0:00:00]} Nxc3 {[%emt 0:00:01]} 6. bxc3 {
[%emt 0:00:00]} c5 {[%emt 0:00:01]} 7. Rb1 {[%emt 0:00:10]} Be7 {[%emt 0:00:02]
} 8. Nf3 {[%emt 0:00:08]} O-O {[%emt 0:00:03]} 9. Bc4 {[%emt 0:00:04]} Nc6 {
[%emt 0:00:34]} 10. O-O {[%emt 0:00:11]} b6 {[%emt 0:00:00]} 11. d5 {[%emt 0:
00:36]} Na5 {[%emt 0:00:21]} 12. Bd3 {[%emt 0:00:11]} c4 {[%emt 0:01:23]} 13.
Bc2 {[%emt 0:00:02]} exd5 {[%emt 0:00:00]} 14. exd5 {[%emt 0:00:01]} Bf6 {
[%emt 0:00:01]} 15. d6 {[%emt 0:01:01]} Re8 {[%emt 0:02:38]} 16. Bf4 {[%emt 0:
00:17]} Bb7 {[%emt 0:00:14]} 17. Nd4 {[%emt 0:01:11]} Be4 {[%emt 0:00:11]} 18.
Nb5 {[%emt 0:01:18]} Bxc2 {[%emt 0:00:26]} 19. Qxc2 {[%emt 0:00:00]} Be5 {
[%emt 0:00:25]} 20. Qd2 {[%emt 0:00:36]} Bxf4 {[%emt 0:05:48]} 21. Qxf4 {
[%emt 0:00:03]} Re6 {[%emt 0:00:00]} 22. Rfe1 {[%emt 0:06:40]} Rf6 {[%emt 0:03:
44]} 23. Qe4 {[%emt 0:00:19]} h6 {[%emt 0:01:31]} 24. d7 {[%emt 0:02:21]} Rb8 {
[%emt 0:00:36]} 25. Qe8+ {[%emt 0:01:11]} Kh7 {[%emt 0:00:03]} 26. Rbd1 {
[%emt 0:00:02]} Nb7 {[%emt 0:00:45]} 27. Qe4+ {[%emt 0:01:17]} Rg6 {[%emt 0:00:
02]} 28. Qd5 {[%emt 0:00:39]} Qg5 {[%emt 0:00:28]} 29. Qxg5 {[%emt 0:00:40]}
Rxg5 {[%emt 0:00:00]} 30. Re8 {[%emt 0:00:17]} Rd8 {[%emt 0:00:06]} 31. Nxa7 {
[%emt 0:00:07]} Rc5 {[%emt 0:00:19]} 32. Kf1 {[%emt 0:00:24]} Rc7 {[%emt 0:00:
13]} 33. Rxd8 {[%emt 0:00:03]} Nxd8 {[%emt 0:00:00]} 34. Nb5 {[%emt 0:00:01]}
Rc5 {[%emt 0:00:12]} 35. a4 {[%emt 0:00:02]} Re5 {[%emt 0:00:10]} 36. Rd6 {
[%emt 0:00:11]} Re7 {[%emt 0:00:00]} 37. Na7 {[%emt 0:00:28]} Kg8 {[%emt 0:00:
21]} 38. Nc8 {[%emt 0:00:03]} Re5 {[%emt 0:00:01]} 39. Nxb6 {[%emt 0:00:04]}
Ra5 {[%emt 0:00:07]} 40. Rd4 {[%emt 0:00:15]} Ra6 {[%emt 0:00:03]} 41. Rxc4 {
[%emt 0:00:16]} Kf8 {[%emt 0:00:17]} 42. Re4 {[%emt 0:00:05]} 1-0

[Event "Skilling Open CCT 2021"]
[Site "Online"]
[Date "2020.11.19"]
[Round "9.8"]
[White "Firouzja, Alireza"]
[Black "Aronian, Levon"]
[Result "1-0"]
[WhiteElo "2703"]
[BlackElo "2778"]
[Annotator "TA"]
[PlyCount "53"]
[EventDate "2020.11.20"]
[EventType "tourn"]
[EventCountry "NET"]
[Tiebreak "Koya+Number of black wins+Number of wins"]
[SourceTitle "playchess.com"]
[Source "ChessBase"]
[SourceQuality "1"]

{[%evp 9,53,0,0,20,17,0,0,0,0,0,0,0,29,22,44,21,16,-15,-12,-14,-8,0,-12,-38,50,
39,58,49,56,46,21,42,136,124,135,129,175,166,581,591,586,589,562,327,1255,545]
} 1. Nf3 d5 2. g3 Nf6 3. Bg2 g6 4. c4 (4. O-O Bg7 5. d4 O-O 6. c4 c6 7. Ne5 Ng4
8. cxd5 cxd5 9. Bf4 Nxe5 10. Bxe5 Nc6 11. Bxg7 Kxg7 12. Nc3 e6 13. Qd2 b6 14.
Rad1 Bb7 15. e4 dxe4 16. Bxe4 Re8 {1/2-1/2 (59) Firouzja,A (2728)-Aronian,L 
(2767) Stavanger 2020}) 4... dxc4 5. Qa4+ Nfd7 6. Qxc4 {A09: Réti Opening: 1
Nf3 d5 2 c4.} Bg7 7. Nc3 Nb6 8. Qh4 {[#] The position is equal.} h6 $146 ({
Predecessor:} 8... Nc6 9. d3 h6 10. O-O Be6 11. Qf4 Nd5 12. Qd2 O-O 13. Rb1 a5
14. d4 Ndb4 {0-1 (55) Wartlick,K (2139)-Joachim,S (2443) Boeblingen 2001}) 9.
d4 Nc6 10. O-O Bf5 11. g4 Bd7 12. Rd1 e5 $1 13. Qg3 {[%cal Rf3e5]} exd4 14. Nb5
{[%mdl 64] Double Attack} O-O 15. Nxc7 Rc8 16. Nb5 {[%cal Rf3d4]} a6 (16... Ne5
$15 17. Nd6 Nxf3+ 18. Bxf3 Rc2) 17. Nbxd4 $14 Nxd4 18. Nxd4 Ba4 19. b3 {
Threatens to win with Ba3.} Bxd4 20. Bxh6 Qf6 (20... Re8 $14) 21. g5 $16 Qh8 {
[#]} 22. Rac1 $1 Bd7 {aiming for ...Rxc1.} 23. Qd6 {Hoping for Rxc8.} Bg4 $2 {
[#]} (23... Bg7) 24. Rxc8 $1 $18 Rxc8 25. Rxd4 Rc1+ 26. Rd1 Qa1 $2 (26... Rxd1+
27. Qxd1 Qc3) 27. Qf8+ {Weighted Error Value: White=0.19/Black=0.55} 1-0

[Event "Skilling Open CCT 2021"]
[Site "Online"]
[Date "2020.11.19"]
[Round "10.1"]
[White "Vachier-Lagrave, Maxime"]
[Black "Aronian, Levon"]
[Result "1/2-1/2"]
[WhiteElo "2860"]
[BlackElo "2778"]
[Annotator "RC"]
[PlyCount "68"]
[EventDate "2020.11.20"]
[EventType "tourn"]
[EventCountry "NET"]
[Tiebreak "Koya+Number of black wins+Number of wins"]
[SourceTitle "playchess.com"]
[Source "ChessBase"]
[SourceQuality "1"]
[TimeControl "900+10"]

1. e4 {[%emt 0:00:00]} e5 {[%emt 0:00:00]} 2. Nf3 {[%emt 0:00:00]} Nc6 {
[%emt 0:00:00]} 3. Bb5 {[%emt 0:00:00]} Nf6 {[%emt 0:00:00]} 4. d3 {[%emt 0:00:
00]} Bc5 {[%emt 0:00:00]} 5. Bxc6 {[%emt 0:00:00]} dxc6 {[%emt 0:00:00]} 6.
Nbd2 {[%emt 0:00:00]} Be6 {[%emt 0:00:13]} 7. O-O {[%emt 0:00:01]} Bd6 {
[%emt 0:00:25]} 8. d4 {[%emt 0:00:03]} Nd7 {[%emt 0:00:04]} 9. dxe5 {[%emt 0:
00:02]} Nxe5 {[%emt 0:00:01]} 10. Nxe5 {[%emt 0:00:01]} Bxe5 {[%emt 0:00:01]}
11. f4 {[%emt 0:00:01]} Qd4+ {[%emt 0:00:31]} 12. Kh1 {[%emt 0:00:03]} Bd6 {
[%emt 0:00:01]} 13. f5 {[%emt 0:03:34]} Bd7 {[%emt 0:00:09]} 14. e5 {[%emt 0:
00:06]} Be7 {[%emt 0:00:40]} 15. f6 {[%emt 0:01:25]} gxf6 {[%emt 0:00:35]} 16.
exf6 {[%emt 0:00:00]} Bd6 {[%emt 0:00:03]} 17. Ne4 {[%emt 0:00:15]} Qxd1 {
[%emt 0:00:50]} 18. Rxd1 {[%emt 0:00:00]} O-O-O {[%emt 0:00:02]} 19. Nxd6+ {
[%emt 0:01:14]} cxd6 {[%emt 0:00:02]} 20. Rxd6 {[%emt 0:00:00]} Bf5 {[%emt 0:
00:06]} 21. Rxd8+ {[%emt 0:00:37]} Rxd8 {[%emt 0:00:00]} 22. Be3 {[%emt 0:00:
01]} Bxc2 {[%emt 0:00:39]} 23. Bxa7 {[%emt 0:00:04]} Rd1+ {[%emt 0:00:34]} 24.
Rxd1 {[%emt 0:00:02]} Bxd1 {[%emt 0:00:00]} 25. Bd4 {[%emt 0:00:01]} Kd7 {
[%emt 0:00:02]} 26. a3 {[%emt 0:00:01]} Ke6 {[%emt 0:00:12]} 27. Bc3 {[%emt 0:
00:01]} Kf5 {[%emt 0:00:12]} 28. Kg1 {[%emt 0:00:00]} h5 {[%emt 0:00:12]} 29.
g3 {[%emt 0:00:01]} Ke4 {[%emt 0:00:44]} 30. Kf2 {[%emt 0:00:02]} Bg4 {[%emt 0:
00:02]} 31. Kg2 {[%emt 0:00:03]} Be6 {[%emt 0:00:07]} 32. Kf2 {[%emt 0:00:01]}
Bg4 {[%emt 0:00:01]} 33. Kg2 {[%emt 0:00:00]} Be6 {[%emt 0:00:01]} 34. Kf2 {
[%emt 0:00:01]} Bg4 {[%emt 0:00:02]} 1/2-1/2

[Event "Skilling Open CCT 2021"]
[Site "Online"]
[Date "2020.11.19"]
[Round "10.2"]
[White "Duda, Jan-Krzysztof"]
[Black "Firouzja, Alireza"]
[Result "1-0"]
[WhiteElo "2774"]
[BlackElo "2703"]
[Annotator "ChessBase"]
[PlyCount "101"]
[EventDate "2020.11.20"]
[EventType "tourn"]
[EventCountry "NET"]
[Tiebreak "Koya+Number of black wins+Number of wins"]
[SourceTitle "playchess.com"]
[Source "ChessBase"]
[SourceQuality "1"]
[TimeControl "900+10"]

1. e4 {[%emt 0:00:00]} c6 {[%emt 0:00:00]} 2. Nf3 {[%emt 0:00:00]} d5 {[%emt 0:
00:00]} 3. d3 {[%emt 0:00:00]} dxe4 {[%emt 0:00:12]} 4. dxe4 {[%emt 0:00:00]}
Qxd1+ {[%emt 0:00:01]} 5. Kxd1 {[%emt 0:00:00]} Nf6 {[%emt 0:00:01]} 6. Nfd2 {
[%emt 0:00:00]} g5 {[%emt 0:00:07]} 7. a4 {[%emt 0:00:25]} Rg8 {[%emt 0:01:00]}
8. a5 {[%emt 0:00:03]} g4 {[%emt 0:00:42]} 9. Bd3 {[%emt 0:00:05]} Nbd7 {
[%emt 0:00:16]} 10. Nc4 {[%emt 0:00:03]} Nc5 {[%emt 0:00:20]} 11. Nc3 {[%emt 0:
00:16]} Be6 {[%emt 0:00:40]} 12. Be3 {[%emt 0:00:01]} Nfd7 {[%emt 0:01:13]} 13.
Bd4 {[%emt 0:00:55]} Bg7 {[%emt 0:01:06]} 14. Bxg7 {[%emt 0:00:04]} Rxg7 {
[%emt 0:00:01]} 15. Ke2 {[%emt 0:00:29]} O-O-O {[%emt 0:01:14]} 16. b4 {
[%emt 0:06:52]} Nxd3 {[%emt 0:00:25]} 17. cxd3 {[%emt 0:00:00]} Bxc4 {[%emt 0:
00:32]} 18. dxc4 {[%emt 0:00:00]} Ne5 {[%emt 0:00:29]} 19. a6 {[%emt 0:00:12]}
b6 {[%emt 0:03:19]} 20. c5 {[%emt 0:00:26]} b5 {[%emt 0:00:05]} 21. Rad1 {
[%emt 0:00:13]} Rgg8 {[%emt 0:01:39]} 22. Ke3 {[%emt 0:00:38]} Nc4+ {[%emt 0:
00:35]} 23. Ke2 {[%emt 0:00:42]} Nb2 {[%emt 0:00:58]} 24. Rb1 {[%emt 0:00:13]}
Nc4 {[%emt 0:00:25]} 25. Rbd1 {[%emt 0:00:20]} Rxd1 {[%emt 0:00:02]} 26. Rxd1 {
[%emt 0:00:02]} Kc7 {[%emt 0:00:11]} 27. Na2 {[%emt 0:00:17]} Rg5 {[%emt 0:00:
18]} 28. Nc1 {[%emt 0:00:06]} Rh5 {[%emt 0:00:52]} 29. Rh1 {[%emt 0:00:02]} Re5
{[%emt 0:00:03]} 30. f3 {[%emt 0:00:19]} gxf3+ {[%emt 0:00:01]} 31. gxf3 {
[%emt 0:00:00]} Rg5 {[%emt 0:00:11]} 32. Kf2 {[%emt 0:00:24]} Rg8 {[%emt 0:00:
31]} 33. Rd1 {[%emt 0:00:10]} Ne5 {[%emt 0:00:22]} 34. Nd3 {[%emt 0:00:26]} Nd7
{[%emt 0:00:34]} 35. h4 {[%emt 0:01:08]} e5 {[%emt 0:00:22]} 36. Ne1 {[%emt 0:
00:23]} Nb8 {[%emt 0:00:33]} 37. Ra1 {[%emt 0:00:03]} f6 {[%emt 0:00:08]} 38.
Nc2 {[%emt 0:00:01]} Rd8 {[%emt 0:00:29]} 39. Ke2 {[%emt 0:00:03]} Rd7 {
[%emt 0:00:26]} 40. h5 {[%emt 0:00:08]} Rg7 {[%emt 0:00:36]} 41. Ne3 {[%emt 0:
00:02]} Rg5 {[%emt 0:00:03]} 42. h6 {[%emt 0:00:01]} Rg8 {[%emt 0:00:34]} 43.
Ng4 {[%emt 0:00:10]} Rf8 {[%emt 0:00:06]} 44. Kd3 {[%emt 0:00:02]} Nd7 {
[%emt 0:00:12]} 45. Ne3 {[%emt 0:00:07]} Rg8 {[%emt 0:00:01]} 46. Ke2 {[%emt 0:
00:40]} Rg5 {[%emt 0:00:22]} 47. Rd1 {[%emt 0:00:22]} Nb8 {[%emt 0:00:02]} 48.
Rd6 {[%emt 0:00:10]} Nd7 {[%emt 0:00:26]} 49. Re6 {[%emt 0:00:14]} Rg6 {
[%emt 0:00:09]} 50. Ng4 {[%emt 0:00:02]} Rg5 {[%emt 0:00:26]} 51. Re7 {[%emt 0:
00:01]} 1-0